000 00628nam a2200217Ii 4500
001 18456
003 CO-ViMGA
008 241108s9999||||xx |||||||||||||| ||und||
020 _a9586078175
040 _aCO-ViMGA
_bspa
_erda
_cCO-ViMGA
041 0 _aspa
082 0 4 _a226.5 S28c
100 1 _aAugusto Seubert
_945069
245 1 0 _aCómo entender los mensajes del evangelio de Juan
264 1 _aBogotá, Colombia : San Pablo, 1995
300 _avolumen
336 _atext
_btxt
_2rdacontent
337 _aunmediated
_bn
_2rdamedia
338 _avolume
_bnc
_2rdacarrier
940 _aidficha_siabuc: 18119. -- ficha_no_siabuc:18456
999 _c39551
_d39551